000
00264nam a22001217a 4500
008
170427b xxu||||| |||| 00| 0 eng d
041
_a
eng
080
_a
050
100
_a
13
101
_a
SHJ
245
_a
AMERICAN JURISPUDENCE
_c
GRIFFITH, L.E
942
_2
udc
_c
BK
999
_c
12283
_d
12283